The spiritual guide : (Record no. 146732)

MARC details
000 -LEADER
fixed length control field 00932nam a22002177a 4500
005 - DATE AND TIME OF LATEST TRANSACTION
control field 20181204111526.0
010 ## - LCCN (DPL NO)
LC control number ENG-120882-883
020 ## - INTERNATIONAL STANDARD BOOK NUMBER
International Standard Book Number 9789380077529(vol-1)
Terms of availability 200.00 (set of price)
020 ## - INTERNATIONAL STANDARD BOOK NUMBER
International Standard Book Number 9789380077536(vol-2)
Terms of availability 200.00 (set of price)
035 ## - SYSTEM CONTROL NUMBER
System control number EN-104814-815
037 ## - SOURCE OF ACQUISITION
Source of stock number/acquisition DBAD/PUB
082 ## - DEWEY DECIMAL CLASSIFICATION NUMBER
Classification number 230.35
245 ## - TITLE STATEMENT
Title The spiritual guide :
Remainder of title perspectives & traditions /
Statement of responsibility, etc edited by Beverty Chapman
260 ## - PUBLICATION, DISTRIBUTION, ETC. (IMPRINT)
Place of publication, distribution, etc New Delhi
Name of publisher, distributor, etc Radha Soami Satsang Beas
Date of publication, distribution, etc 2017
270 ## - ADDRESS
Address 5 Gurtu Ravi Dass Marg,Pusa Road
City New Delhi
Postal code 110005
300 ## - PHYSICAL DESCRIPTION
Extent 2-vols(402;378)p.
Dimensions 23 cm(Hb)
500 ## - GENERAL NOTE
General note Includes bibliographical references
505 ## - FORMATTED CONTENTS NOTE
Formatted contents note vol-1-the Hindu Tradition, The Taoist Tradition, The Jewish Tradition, The Graeco-Roman Tradition vol-2 ; the Buddhist Tradition, The Christian Tradition, Thge Sufi Tradition, The Sikh Tradtion
700 ## - ADDED ENTRY--PERSONAL NAME
Personal name Chaman,Beverly
942 ## - ADDED ENTRY ELEMENTS (KOHA)
Source of classification or shelving scheme Dewey Decimal Classification
Item type English Books
Classification part 230.35
Call number suffix THE
Holdings
Withdrawn status Lost status Materials specified (bound volume or other part) Not for loan Collection code Home library Current library Date acquired Source of acquisition Cost, normal purchase price Full call number Barcode Copy number Cost, replacement price Koha item type
    vol-1 Not For Loan Non-fiction D.B.Act.Division Bawana 18/10/2017 DBAD/PUB 200.00 230.35 THE EN-104414 1 200.00 English Books
    vol-2 Not For Loan Non-fiction D.B.Act.Division Bawana 18/10/2017 DBAD/PUB 200.00 230.35 THE EN-104415 1 200.00 English Books

© Delhi Public Library
Hit Counter
free hit counter